European Integration in the Context of the European Single Market
Súčasná situácia na európskom jednotnom trhu so zameraním na pracovnú silu. Analýza vývoja prisťahovalectva a emigrácie v európskom priestore a z teoretického hľadiska sa zameriava na nový priemysel 4.0, ktorý spôsobuje zníženie a zrušenie niektorých pracovných miest.
Salvato in:
| Autore principale: | |
|---|---|
| Natura: | Capitolo di libro |
| Lingua: | inglese |
| Soggetti: | |
| Tags: |
Nessun Tag, puoi essere il primo ad aggiungerne!!
|
MARC
| LEADER | 00000nla a2200000 4500 | ||
|---|---|---|---|
| 001 | 0243942 | ||
| 005 | 20240502083653.8 | ||
| 041 | 0 | |a eng | |
| 044 | |a CZ | ||
| 245 | 1 | 0 | |a European Integration in the Context of the European Single Market |c Marcela Galovská |
| 520 | |a Súčasná situácia na európskom jednotnom trhu so zameraním na pracovnú silu. Analýza vývoja prisťahovalectva a emigrácie v európskom priestore a z teoretického hľadiska sa zameriava na nový priemysel 4.0, ktorý spôsobuje zníženie a zrušenie niektorých pracovných miest. | ||
| 610 | 2 | 0 | |a Európska únia |
| 610 | 2 | 0 | |a integrácia ekonomická medzinárodná |
| 610 | 2 | 0 | |a Európsky ekonomický priestor |
| 610 | 2 | 0 | |a trh jednotný |
| 610 | 2 | 0 | |a revolúcia priemyselná |
| 610 | 2 | 0 | |a zamestnanie |
| 610 | 2 | 0 | |a zamestnávatelia |
| 610 | 2 | 0 | |a sily pracovné |
| 610 | 2 | 0 | |a miesta pracovné |
| 100 | 1 | |a Galovská, Marcela | |